| 000 | 03441nam a2200493 a 4500 | ||
|---|---|---|---|
| 003 | CHAP | ||
| 005 | 20240909113031.0 | ||
| 007 | cr ||||||a|c|a | ||
| 008 | 101026s2010 mx r 00010 spa d | ||
| 035 | _a111235 | ||
| 040 | _cCHAP | ||
| 090 | _aTesis | ||
| 100 | 1 |
_aRodríguez Xaltenco, Cecilia. _998964 |
|
| 245 | 1 | 0 |
_aIdentificación y manejo de la pudrición de raíz y formación de cancro en arboles de navidad (Pseudotsuga menziesii var glauca) en Villa de Allende, Estado de México _c/por Cecilia Rodríguez Xaltenco y Efrain Santiago Hernández; director David Cibrián Tovar |
| 264 |
_aChapingo, Méx. : _bEl autor, _c2010. |
||
| 300 |
_a1 recurso en línea (73 páginas): _bCuadros, figuras |
||
| 336 |
_2rdacontent _atexto _btxt |
||
| 337 |
_2rdamedia _acomputadora _bc |
||
| 338 |
_2rdacarrier _arecursos en linea _bcr |
||
| 502 |
_bIAEPA _cParasitología _d2010 _gLIC |
||
| 520 | _aEn una plantación comercial de árboles de navidad en el Estado de México se identificó el agente causal de la pudrición de raíces y cancro en tallo en Pseudotsuga menziesii var. glauca. Se tomaron muestras de plantas enfermas, los síntomas encontrados fueron: marchitez, muerte de la primera rama, muerte ascendente de ramas, cancro resinoso del cuello, coloración rojiza del cambium y pudrición de raíz. De las muestras analizadas, se obtuvieron 2 cepas, una colonia blanca que en base a las características morfológicas se identificó como Phytophthora cinnamomi y otra colonia violeta identificada como Fusarium oxysporum. Se evaluó su manejo con los fungicidas químicos Procloraz, Propamocarp, Benzotiazol, Metalaxil; los biofungicidas Trichoderma harzianum y T. virens; y la aplicación de corteza de pino composteada (materia orgánica), así como la aplicación combinada de estos. Se empleó un diseño experimental en bloques al azar con 12 tratamientos y cuatro repeticiones, se realizaron cinco aplicaciones y seis evaluaciones. Los mejores tratamientos en el control del agente causal de la pudrición de raíces y cancro en tallo fueron los conformados por Procloraz + T. harzianum + materia orgánica, y T. harzianum + T .virens + materia orgánica. El uso de antagonistas, disminuye la enfermedad; con su aplicación se enriquece la microbiología que existe en el suelo, con el tiempo requiere menos aplicaciones, porque su densidad será alta y el uso de químicos disminuirá considerablemente | ||
| 590 |
_aALEPH _b10 _c20130110 |
||
| 590 |
_aBATCH-UPD _b10 _c20130110 |
||
| 590 |
_aBATCH-UPD _b10 _c20130410 |
||
| 590 |
_aBATCH-UPD _b10 _c20130914 |
||
| 590 |
_aBATCH-UPD _b10 _c20140324 |
||
| 590 |
_aBATCH-UPD _b10 _c20141002 |
||
| 590 |
_aCONVERSION _b10 _c20130109 |
||
| 650 | 1 | 4 |
_aÁrboles de navidad. _982443 |
| 650 | 1 | 4 |
_aÁrboles _xEnfermedades. _982436 |
| 650 | 1 | 4 |
_aÁrboles _xMexico (Edo.) _96627 |
| 650 | 1 | 4 |
_aPseudotsuga menziesii. _992591 |
| 650 | 1 | 4 |
_aPudrición de la raíz. _992840 |
| 650 | 1 | 4 |
_aUstulina deusta. _9117098 |
| 700 | 1 |
_aSantiago Hernández, Efrain. _9102346 |
|
| 700 | 0 |
_aCibrián Tovar, David _923039 _eDirector |
|
| 856 |
_uhttp://10.13.5.2/tesis/111235.pdf _zDESCARGAR PDF |
||
| 901 | _aBK | ||
| 942 |
_cTD _2Clasificación Universidad Autónoma Chapingo |
||
| 949 |
_aTesis _bBC _cTES _d33724002213941 _eTS1 _gDonaciØn _h51215 _i111235 _sb |
||
| 949 |
_aTesis _bBC _cTES _d33724002213959 _eTS2 _fc.2 _gDonaciØn _h51216 _i111235 _sb |
||
| 999 |
_c99577 _d99577 |
||